|
|
|
|
| LEADER |
00000nam a2200000 a 4500 |
| 001 |
UCT6089 |
| 003 |
CL-VaPUC |
| 008 |
961230e19440000CL |||||||||||||||||spa|d |
| 082 |
0 |
4 |
|a 194
|b MAR
|2 21
|
| 100 |
|
|
|a Maritain, Jacques
|e autor
|9 255680
|
| 245 |
1 |
4 |
|a Una polémica sensacional
|
| 300 |
|
|
|a 88 p
|
| 942 |
|
|
|c BK
|
| 945 |
|
|
|d 19961230 00:00:00
|a rleighto
|
| 260 |
|
|
|a Santiago
|b Gutemberg
|c 1944
|
| 650 |
|
0 |
|a Filosofía francesa
|9 255698
|
| 650 |
|
0 |
|a Cristianismo
|9 257361
|
| 650 |
|
7 |
|a DOCTRINAS
|2 CL-VaPUC
|9 317761
|
| 583 |
|
|
|a last modification
|c 19961230 00:00:00
|k Rodrigo Vera
|
| 999 |
|
|
|c 254820
|d 254818
|
| 952 |
|
|
|0 0
|1 0
|4 0
|6 194_000000000000000_MAR_1944
|7 0
|8 A
|9 276710
|a BIBDER
|b BIBDER
|d 2019-11-19
|i 3265579
|o 194 MAR 1944
|p 3265579
|r 2023-01-25
|w 2019-11-19
|y BK
|k DER
|